| 000 | 00583nam a2200181 a 4500 | ||
|---|---|---|---|
| 005 | 20230518063732.0 | ||
| 008 | 011030s1998 r 000 0 eng d | ||
| 035 | _aUPN01000113617 | ||
| 049 | _aF | ||
| 050 | 4 |
_aLB2328.15 _bM6 K4.4 |
|
| 100 | 1 |
_aKent Serna, Rollin, _d1949- _928824 |
|
| 245 | 1 | 0 |
_aInstitutional reform in mexican higher education : _bconflict and renewal in three public universities / _cRollin Kent. |
| 260 |
_aWashington : _bBID, _c1998. |
||
| 300 | _a43 p. | ||
| 650 | 4 |
_aEducación superior _zMéxico _xInvestigación _95106 |
|
| 902 | _aMCM/rrl. | ||
| 905 | _aLibro | ||
| 999 |
_c87525 _d87525 |
||